Interaktívna vizualizácia zmien v softvérových modeloch

Uložené v:
Podrobná bibliografia
Hlavný autor: Ondik, Jakub (Autor)
Ďalší autori: Rástočný, Karol (Vedúci práce)
Médium: Rukopis Kniha
Jazyk:Slovak
Vydavateľské údaje: 2018
Predmet:
On-line prístup:http://is.stuba.sk/zp/portal_zp.pl?podrobnosti=138047
Tagy: Pridať tag
Žiadne tagy, Buďte prvý, kto otaguje tento záznam!

MARC

LEADER 00000ntm a22000003a 4500
001 stuzp70485
003 SK-STU
005 20190409155041.5
007 ta
008 150427s2015----xo-----f-mn---000-0-slo-d
040 |a STU  |b slo 
041 0 |a slo 
044 |a xo 
100 1 |a Ondik, Jakub  |u 070200  |k Z4  |4 aut  |U FIIT Fakulta informatiky a informačných technológií  |T FIIT Ústav informatiky, informačných systémov a softvérového inžinierstva  |X 72273  |U I200  |Y 179  |7 72273 
242 0 1 |a Interactive visualization of modifications in software models  |y eng 
245 1 0 |a Interaktívna vizualizácia zmien v softvérových modeloch 
260 |c 2018 
300 |a 60 s., príl.,  |e CD-rom 
650 4 |a UML  |2 slo 
650 4 |a porovnávanie softvérových modelov  |2 slo 
650 4 |a vizualizácia zmien  |2 slo 
650 4 |a visualization of modifications  |2 eng 
650 4 |a UML  |2 eng 
650 4 |a software models comparison  |2 eng 
700 1 |a Rástočný, Karol  |u 070200  |k Z1  |4 ths  |U FIIT Fakulta informatiky a informačných technológií  |T FIIT Ústav informatiky, informačných systémov a softvérového inžinierstva  |X 36279  |U I200  |Y 179  |7 36279 
856 4 |u http://is.stuba.sk/zp/portal_zp.pl?podrobnosti=138047 
996 |b IZP20180247  |c I*DP92/18  |l II680  |s P  |a 0  |w stuzp70485_0001